[Event "Copenhagen op"]
[Site "Copenhagen"]
[Date "1998.07.01"]
[Round "10"]
[White "Lonborg, Morten"]
[Black "Bekker Jensen, David"]
[Result "0-1"]
[WhiteElo "2195"]
[BlackElo "2200"]

1.e4 c5 2.Nf3 d6 3.Bb5+ Nd7 4.O-O Nf6 5.Re1 a6 6.Bf1 Ne5 7.Nxe5 dxe5 8.Nc3 Be6
9.d3 g6 10.Be3 Qd6 11.a4 b6 12.Qd2 Ng4 13.Bg5 h6 14.Bh4 Bg7 15.f3 Nf6 16.Bf2 O-O
17.Be3 Kh7 18.Qf2 Rfc8 19.Be2 Nd7 20.g3 Nb8 21.f4 exf4 22.Bxf4 Qd7 23.e5 Nc6
24.Bf3 Rab8 25.Bxc6 Qxc6 26.Rad1 b5 27.axb5 axb5 28.h4 Rd8 29.Ne4 Bg4 30.Ra1 Rbc8
31.Ra7 Rd7 32.Rxd7 Bxd7 33.Be3 Bf5 34.Nxc5 Bxe5 35.d4 Bg7 36.b4 Ra8 37.c3 Qd5
38.Bf4 Bg4 39.Rc1 e5 40.dxe5 Ra2 41.Qf1 Bf3 42.Qd3 Rg2+ 43.Kf1 Be2+ 44.Qxe2 Rxe2
45.Kxe2 Bxe5 46.Bxe5 Qxe5+ 47.Kf3 Qd5+ 48.Ke3 Qg2 49.Ne4 f5 50.Nd2 Qxg3+
51.Nf3 Qg4 52.Kf2 Qe4 53.Kg3 f4+  0-1

[Event "RUS-Cup06"]
[Site "Nizhnij Novgorod"]
[Date "1998.07.03"]
[Round "5"]
[White "Fedoseev, Vladimir"]
[Black "Soloviov, Sergei"]
[Result "0-1"]
[WhiteElo "2375"]
[BlackElo "2390"]

1.e4 c5 2.Nf3 d6 3.Bb5+ Nd7 4.d4 Nf6 5.Nc3 a6 6.Bxd7+ Nxd7 7.O-O e6 8.Bg5 Qc7
9.Qd2 cxd4 10.Qxd4 Ne5 11.Nxe5 dxe5 12.Qd3 f6 13.Be3 b5 14.Rad1 Be7 15.Rfe1 Kf7
16.Qe2 Rf8 17.a3 Bb7 18.Rd3 g6 19.Red1 Rfd8 20.h4 Rxd3 21.Rxd3 Qc6 22.b4 a5
23.Bc5 Bxc5 24.bxc5 Re8 25.Qe3 Rc8 26.Qh6 Kg8 27.Rd6 Qe8 28.Rb6 Bc6 29.h5 Bd7
30.hxg6 hxg6 31.Qe3 g5 32.Rb7 Rb8 33.Rb6 b4 34.axb4 axb4 35.Rxb8 Qxb8 36.Ne2 Qb5
37.Ng3 Bc8 38.Qb3 Bd7 39.c3 Qxc5 40.cxb4 Qb5 41.Qe3 Kf8  0-1

[Event "Budapest FS07 IM-A"]
[Site "Budapest"]
[Date "1998.07.05"]
[Round "2"]
[White "Hera, Imre Jr"]
[Black "Farago, Sandor"]
[Result "1/2-1/2"]
[WhiteElo "2245"]
[BlackElo "2285"]

1.e4 c5 2.Nf3 d6 3.Bb5+ Bd7 4.Bxd7+ Nxd7 5.O-O Ngf6 6.Qe2 e6 7.c4 Be7 8.Nc3 O-O
9.d4 cxd4 10.Nxd4 a6 11.b3 Rc8 12.Bb2 Qa5 13.Rac1 Ne5 14.Kh1 Nc6 15.Nc2 Rfd8
16.Ne3 Ne8 17.f4 Bf6 18.Ng4 Bd4 19.f5 h5 20.fxe6 fxe6 21.Nf2 Qg5 22.Nh3 Qe5
23.Ng1 Qa5 24.Qf3 Nf6 25.Nge2 Be5 26.Qh3 Re8 27.Nf4 Bxf4 28.Rxf4 Qg5 29.Rcf1 Ne5
30.Ne2 Nfg4 31.Bc1 Qg6 32.Qg3 b5 33.cxb5 axb5 34.h3 Nf6 35.Qe3 Rc2 36.Ba3 Rd8
37.Qb6 Nf7 38.Qxb5 Nxe4 39.Kh2 Nc3 40.Qb7 Rxe2 41.Qxf7+ Qxf7 42.Rxf7 Rxa2
43.Bc1 Nd5 44.Rb7 Rf8 45.Rxf8+ Kxf8 46.Rd7 Ra6 47.Bb2 Nf6 48.Bxf6 gxf6 49.Kg3 Rb6
50.Kf2 h4 51.Ra7 Rxb3 52.Ra4 Kf7 53.Rxh4 d5 54.Rd4 f5 55.h4 Kf6 56.g3 Ke5
57.Ra4 d4 58.Ra1 Ke4 59.Re1+ Kd5 60.Rh1 e5 61.h5 e4 62.h6 Rb2+ 63.Kf1 Rb8
64.h7 Rh8 65.Kf2 Ke6 66.Rh6+ Kf7 67.Rd6 d3 68.g4 f4 69.Rd4 e3+ 70.Kf3 d2
71.Rxf4+ Kg7 72.Rd4 Re8 73.Rd7+ Kh8 74.Ke2 Re5 75.g5  1/2-1/2

[Event "Politiken Cup"]
[Site "Copenhagen"]
[Date "1998.07.05"]
[Round "2"]
[White "Lonborg, Morten"]
[Black "Mortensen, Beatrix"]
[Result "1-0"]
[WhiteElo "2195"]
[BlackElo "2065"]

1.e4 c5 2.Nf3 d6 3.Bb5+ Nc6 4.O-O Bd7 5.Re1 a6 6.Bxc6 Bxc6 7.d4 cxd4 8.Qxd4 e5
9.Qd3 Nf6 10.Bg5 Be7 11.Nc3 Qc7 12.Nh4 g6 13.g3 h6 14.Bxf6 Bxf6 15.Ng2 O-O
16.Ne3 Bg7 17.Rad1 Rad8 18.Re2 Rfe8 19.Red2 h5 20.Ncd5 Bxd5 21.Nxd5 Qc8 22.c4 Qg4
23.Kg2 h4 24.h3 Qg5 25.g4 f5 26.exf5 e4 27.Qe3 Qxe3 28.Nxe3 g5 29.b3 Be5
30.c5  1-0

[Event "Politiken Cup"]
[Site "Copenhagen"]
[Date "1998.07.05"]
[Round "2"]
[White "Moloney, Nicholas"]
[Black "Bekker Jensen, Simon"]
[Result "0-1"]
[WhiteElo "2120"]
[BlackElo "2300"]

1.e4 c5 2.Nf3 d6 3.Bb5+ Nd7 4.O-O Nf6 5.Re1 a6 6.Bf1 b6 7.d3 g6 8.c3 Bb7
9.Nbd2 Ne5 10.d4 Nxf3+ 11.gxf3 Bh6 12.Bh3 O-O 13.Nf1 Bxc1 14.Qxc1 e6 15.Qh6 Rc8
16.Ne3 cxd4 17.cxd4 Nh5 18.Bg4 Ng7 19.e5 dxe5 20.dxe5 f5 21.exf6 Qxf6 22.Qh3 h5
23.f4 hxg4 24.Nxg4 Qxf4 25.Nh6+ Kh7 26.Ng4+ Nh5 27.Rxe6 Rf7 28.Rxb6 Rc1+
29.Rxc1 Qxc1+ 30.Qf1 Qf4 31.Qe2 Bf3  0-1

[Event "RUS-Cup06"]
[Site "Nizhnij Novgorod"]
[Date "1998.07.05"]
[Round "7"]
[White "Komliakov, Viktor"]
[Black "Dvoirys, Semen I"]
[Result "1/2-1/2"]
[WhiteElo "2510"]
[BlackElo "2585"]

1.e4 c5 2.Nf3 d6 3.Bb5+ Nc6 4.Bxc6+ bxc6 5.O-O e5 6.c3 Nf6 7.d4 Nxe4 8.Qa4 Qb6
9.dxe5 d5 10.Nbd2 Qa6 11.Qxa6 Bxa6 12.Nxe4 dxe4 13.Ng5 Bxf1 14.Kxf1 Be7 15.Nxe4 Kd7
16.Ke2 Ke6 17.f4 f6 18.exf6 gxf6 19.Be3 Rhb8 20.Rb1 c4 21.g4 h5 22.gxh5 Rb5
23.Ng3 Rab8 24.Kf3 Rxb2 25.Re1 Kf7 26.Bxa7 Rd8 27.Bg1 Rxa2 28.h6 Rc2 29.Ne4 Rd3+
30.Kg4 Kg6 31.Ng3 Bf8 32.Re6 Bxh6 33.Rxc6 Rdxc3 34.f5+ Kg7 35.Rc7+ Kg8 36.Kh5 Bf8
37.Kg6 Rd3 38.Rc8 Rd5 39.Kxf6 Rd6+ 40.Ke5 Rcd2 41.Ne4  1/2-1/2

[Event "RUS-Cup06"]
[Site "Nizhnij Novgorod"]
[Date "1998.07.06"]
[Round "8"]
[White "Kovalevskaya, Ekaterina"]
[Black "Zagrebelny, Sergey"]
[Result "1/2-1/2"]
[WhiteElo "2390"]
[BlackElo "2485"]

1.e4 c5 2.Nf3 d6 3.Bb5+ Bd7 4.Bxd7+ Qxd7 5.c4 Nc6 6.Nc3 g6 7.d4 cxd4 8.Nxd4 Bg7
9.Be3 Nf6 10.f3 O-O 11.O-O a6 12.a4 Qc7 13.b3 e6 14.Rc1 Nd7 15.Ncb5 axb5
16.cxb5 Nc5 17.bxc6 bxc6 18.Nxc6 Qxc6 19.b4 Rxa4 20.bxc5 d5 21.exd5 exd5
22.Qb3 Re8 23.Bf2 d4 24.Rfd1 Bh6 25.Rc2 Be3 26.Bxe3 dxe3 27.Re1 e2 28.Rexe2 Rxe2
29.Rxe2 Qxc5+ 30.Qe3 Ra1+ 31.Kf2 Qxe3+  1/2-1/2

[Event "Politiken Cup"]
[Site "Copenhagen"]
[Date "1998.07.07"]
[Round "4"]
[White "Lonborg, Morten"]
[Black "Stefansson, Hannes"]
[Result "0-1"]
[WhiteElo "2195"]
[BlackElo "2540"]

1.e4 c5 2.Nf3 d6 3.Bb5+ Nd7 4.d4 cxd4 5.Qxd4 a6 6.Bxd7+ Bxd7 7.O-O Bg4 8.Qd3 Nf6
9.h3 Bxf3 10.Qxf3 Qc7 11.Nc3 e6 12.Re1 Be7 13.Bf4 Qc6 14.Qe2 b5 15.Rad1 b4
16.Nb1 d5 17.Be5 dxe4 18.Bxf6 Bxf6 19.Qxe4 Qxe4 20.Rxe4 a5 21.c3 bxc3 22.Nxc3 O-O
23.Na4 Rfd8 24.Rxd8+ Rxd8 25.Re2 Rd1+ 26.Kh2 h5 27.g3 Bd4 28.Kg2 Rc1 29.Rd2 e5
30.Nc3 Re1 31.Nb5 Bc5 32.Rc2 Bf8 33.Rc8 Re2 34.Nc3 Rxb2 35.Nd5 f6 36.a4 Kf7
37.Ra8 Bc5 38.Rxa5 Rxf2+ 39.Kg1 Rc2+ 40.Kf1 Bd4 41.Rb5 Rf2+ 42.Ke1 Ra2 43.a5 Bf2+
44.Kd1 Bxg3 45.Nb4 Ra1+ 46.Ke2 e4 47.a6 Bd6 48.Nc2 Rxa6 49.Rxh5 g5 50.Rh8 Bf4
51.Nd4 Ra2+ 52.Kf1 Rd2 53.Nf5 Rd5 54.Rh7+ Ke6 55.Ng7+ Ke5 56.h4 Rd1+ 57.Ke2 Rd2+
58.Ke1 Rh2 59.h5 e3 60.Ne8 Bg3+  0-1

[Event "Politiken Cup"]
[Site "Copenhagen"]
[Date "1998.07.08"]
[Round "5"]
[White "Holst, Allan"]
[Black "Zagorskis, Darius"]
[Result "1/2-1/2"]
[WhiteElo "2365"]
[BlackElo "2515"]

1.e4 c5 2.Nf3 d6 3.Bb5+ Bd7 4.Bxd7+ Qxd7 5.O-O Nc6 6.c3 Nf6 7.d4 cxd4 8.cxd4 d5
9.e5 Ng8 10.b3 e6 11.Ba3 Bxa3 12.Nxa3 Nge7 13.Nc2 O-O 14.Ne3 Rac8 15.Qd2 Qd8  1/2-1/2

[Event "Lost Boys op"]
[Site "Antwerp"]
[Date "1998.07.09"]
[Round "9"]
[White "Stefansson, Hannes"]
[Black "Leitao, Rafael"]
[Result "1/2-1/2"]
[WhiteElo "2540"]
[BlackElo "2515"]

1.e4 c5 2.Nf3 d6 3.Bb5+ Nc6 4.O-O Bd7 5.Re1 Nf6 6.h3 Ne5 7.Bxd7+ Nfxd7 8.d3 Nxf3+
9.Qxf3 g6 10.c3 Bg7 11.Be3 O-O 12.Nd2 b5 13.a4 a6 14.d4 Qb8 15.axb5 axb5
16.Qe2 Qb7 17.dxc5 dxc5 18.f4 Qc6 19.e5 Nb6 20.Qf3 Nd5 21.Ne4 c4 22.Rad1 Rfd8
23.Bd4 b4  1/2-1/2

[Event "Politiken Cup"]
[Site "Copenhagen"]
[Date "1998.07.10"]
[Round "7"]
[White "Nielsen, Peter Heine"]
[Black "Pedersen, Steffen"]
[Result "1-0"]
[WhiteElo "2505"]
[BlackElo "2415"]

1.e4 c5 2.Nf3 d6 3.Bb5+ Nd7 4.d4 Nf6 5.Nc3 a6 6.Bxd7+ Nxd7 7.O-O e6 8.Bg5 Qc7
9.Re1 cxd4 10.Qxd4 Ne5 11.Na4 h6 12.Nb6 Rb8 13.Bd2 Be7 14.Ba5 Bf6 15.Nxe5 Bxe5
16.Qb4 O-O 17.f4 Bxb2 18.Rad1 Bf6 19.Nd5 Qc5+ 20.Qxc5 dxc5 21.Nxf6+ gxf6
22.Bb6 Re8 23.Re3  1-0

[Event "Politiken Cup"]
[Site "Copenhagen"]
[Date "1998.07.12"]
[Round "8"]
[White "Larsen, Karsten"]
[Black "Sammalvuo, Tapani"]
[Result "0-1"]
[WhiteElo "2245"]
[BlackElo "2395"]

1.e4 c5 2.Nf3 d6 3.Bb5+ Nc6 4.O-O Bd7 5.Re1 Nf6 6.c3 a6 7.Bf1 e5 8.h3 Be7
9.d4 Qc7 10.d5 Na5 11.Nbd2 b5 12.Bd3 O-O 13.Nf1 Rfe8 14.Ng3 g6 15.Bg5 c4
16.Bc2 Nb7 17.Qd2 Nc5 18.Rad1 Qb6 19.Nh4 Qd8 20.Nf3 a5 21.Be3 Qb6 22.a3 Bc8
23.Kh1 Bd8 24.Nh2 Ra7 25.f3 h5 26.Ne2 h4 27.Ng4 Nh5 28.Kh2 Rb7 29.Bg1 Be7
30.Be3 Bd7 31.Rf1 Reb8 32.f4 Bxg4 33.hxg4 Nxf4 34.Nxf4 exf4 35.Bxf4 Qd8 36.Be3 Nd7
37.Bd4 Bg5 38.Qf2 Qe7 39.e5 dxe5 40.d6 Qe6 41.Be3 Nf6 42.Bxg5 Nxg4+ 43.Kg1 Nxf2
44.Rxf2 f5  0-1

[Event "San Francisco Mechanics"]
[Site "San Francisco"]
[Date "1998.07.16"]
[Round "7"]
[White "Christiansen, Larry Mark"]
[Black "Fedorowicz, John P"]
[Result "0-1"]
[WhiteElo "2575"]
[BlackElo "2495"]

1.e4 c5 2.Nf3 d6 3.Bb5+ Bd7 4.Bxd7+ Nxd7 5.O-O Ngf6 6.Nc3 g6 7.d3 Bg7 8.Ng5 h6
9.Nh3 O-O 10.f4 e6 11.Kh1 a6 12.a4 d5 13.e5 Ne8 14.Bd2 Nb8 15.a5 Nc6 16.Na4 Qe7
17.Be3 d4 18.Bd2 f5 19.Qe2 Kh7 20.Rf3 Nc7 21.Rg1 h5 22.Ng5+ Kg8 23.Rg3 Rae8
24.Nf3 Kh7 25.Ng5+ Kg8 26.Rf1 Nd5 27.Nb6 Nxb6 28.axb6 Bh6 29.Nf3 Kf7 30.Rh3 Rh8
31.Nh4 Reg8 32.Rff3 Qd8 33.Rf1 Qxb6 34.b3 Ne7 35.Rg3 Qd8 36.Nf3 Nd5 37.Ng1 Ke7
38.Qe1 Qb6 39.Rh3 Rg7 40.Rff3 Ra8 41.Qa1 Rgg8 42.Be1 Kd7 43.Bh4 Qc6 44.Bg5 Bf8
45.Bf6 Bh6 46.Bg5 Bg7 47.Rf1 a5 48.Bh4 a4 49.bxa4 Qxa4 50.Qc1 Qa2 51.Rg3 Bh6
52.Bg5 Bf8 53.Rgf3 Bg7 54.Rg3 Nc3 55.Bh4 Bh6 56.Qd2 Qd5 57.Rc1  0-1

[Event "Saitek US Masters"]
[Site "Hawaii"]
[Date "1998.07.24"]
[Round "4"]
[White "Bhat, Vinay S"]
[Black "Kelleher, William"]
[Result "1/2-1/2"]
[WhiteElo "2235"]
[BlackElo "2400"]

1.e4 c5 2.Nf3 d6 3.Bb5+ Bd7 4.Bxd7+ Qxd7 5.c4 Nc6 6.Nc3 Nf6 7.O-O e6 8.d4 cxd4
9.Nxd4 Be7 10.Be3 O-O 11.Qe2 a6 12.Rad1 Qc7 13.f4 Rac8 14.b3 Rfe8 15.Kh1 Bf8
16.Qf3 Qa5 17.Bg1 Qh5 18.Qg3 Qg6 19.Qf3 Qh5 20.Qxh5 Nxh5 21.Nxc6 Rxc6 22.e5 f5
23.Ne2 dxe5 24.fxe5 Rc7 25.h3 g6 26.Bb6 Rf7 27.g4 Ng7 28.c5 h5 29.Nf4 fxg4
30.hxg4 hxg4 31.Nxg6 Nf5 32.Kg1 Bh6 33.Rd3 Bg5 34.Nf4 g3 35.Nh5 Be3+ 36.Kg2 Nh4+
37.Kxg3 Rxf1 38.Kxh4 Rh1+ 39.Kg4 Rg1+ 40.Kf3 Bg5 41.c6 Rf8+ 42.Nf6+ Bxf6
43.Bxg1 Be7+ 44.Ke4 bxc6 45.Rc3 Rc8 46.Bc5 Bxc5 47.Rxc5 Kf7 48.Ra5 c5 49.Rxa6 c4
50.bxc4 Rxc4+ 51.Kd3 Rh4 52.Ra8 Kg6 53.Rf8 Rh2 54.Rf6+ Kg5 55.Rxe6 Kf5 56.Ra6 Kxe5
57.Kc4 Rc2+ 58.Kb3 Rc1 59.Ra8 Kd6 60.Rd8+ Kc7  1/2-1/2

[Event "Saitek US Masters"]
[Site "Hawaii"]
[Date "1998.07.25"]
[Round "5"]
[White "Bhat, Vinay S"]
[Black "Ashley, Maurice"]
[Result "1/2-1/2"]
[WhiteElo "2235"]
[BlackElo "2490"]

1.e4 c5 2.Nf3 d6 3.Bb5+ Bd7 4.Bxd7+ Qxd7 5.c4 Nc6 6.Nc3 e5 7.d3 g6 8.O-O Bg7
9.Nd5 Nge7 10.Bg5 Nxd5 11.cxd5 Ne7 12.Bd2 O-O 13.b4 Rfc8 14.Qb3 b6 15.a4 h6
16.Rfb1 Qc7 17.Qa2 Rab8  1/2-1/2

[Event "Oberwart op"]
[Site "Oberwart"]
[Date "1998.07.26"]
[Round "2"]
[White "Stanka, Wolfgang"]
[Black "Ruck, Robert"]
[Result "0-1"]
[WhiteElo "2105"]
[BlackElo "2485"]

1.e4 c5 2.Nf3 d6 3.Bb5+ Nd7 4.d4 Nf6 5.Nc3 a6 6.Bxd7+ Nxd7 7.O-O e6 8.b3 Be7
9.Bb2 O-O 10.Qd2 b6 11.Ne2 Bb7 12.Ng3 cxd4 13.Nxd4 Nf6 14.Rfe1 b5 15.Qe2 Rc8
16.c3 Rc5 17.a4 bxa4 18.Rxa4 Qd7 19.Raa1 Rb8 20.c4 Qd8 21.Ba3 Rc7 22.e5 dxe5
23.Qxe5 Bxa3 24.Rxa3 Rd7 25.Nge2 Rc8 26.h3 Qe7 27.Ra5 Rcd8 28.Rea1 h6 29.Rc5 Ne4
30.Rca5 Qh4 31.g3 Qxh3 32.Nf4 Qg4 33.Nfxe6 fxe6 34.Qxe6+ Qxe6 35.Nxe6 Rd1+
36.Kh2 Rxa1 37.Rxa1 Rd6 38.Nf4 Rd2 39.Nd5 Nxf2 40.Ra5 Ne4+ 41.Kh3 Rd3 42.b4 Rxg3+
43.Kh2 Rb3 44.Ra2 Bxd5 45.cxd5 Rxb4  0-1

[Event "Oberwart op"]
[Site "Oberwart"]
[Date "1998.07.31"]
[Round "7"]
[White "Schwab, Rene"]
[Black "Kamaryt, Thomas"]
[Result "1-0"]
[WhiteElo "2285"]
[BlackElo "2135"]

1.e4 c5 2.Nf3 d6 3.Bb5+ Bd7 4.a4 Nf6 5.Nc3 Nc6 6.O-O e6 7.Re1 Be7 8.d4 cxd4
9.Nxd4 O-O 10.Be3 Qc7 11.f4 a6 12.Bf1 Rfe8 13.Nb3 b6 14.Nd2 Bc8 15.Nc4 Nd7
16.f5 Nce5 17.fxe6 fxe6 18.Nd5 exd5 19.Qxd5+ Kf8 20.Nxe5 Nxe5 21.Qxa8 Bb7
22.Qa7 Bh4 23.Qxb6 Qxb6 24.Bxb6 Bxe1 25.Rxe1 d5 26.Bd4 dxe4 27.Bxe5 Rxe5
28.Kf2 Ra5 29.Ra1 Bc6 30.b4 Rxa4 31.Rxa4 Bxa4 32.Bxa6 Bxc2 33.Ke3 Ke7 34.Bb7 h6
35.b5 Kd6 36.Bxe4 Ba4 37.b6 Bd7 38.Kd4 Be6  1-0

[Event "Oberwart op"]
[Site "Oberwart"]
[Date "1998.07.31"]
[Round "7"]
[White "Kuba, Guenter"]
[Black "Balinov, Ilija"]
[Result "1-0"]
[WhiteElo "2235"]
[BlackElo "2450"]

1.e4 c5 2.Nf3 d6 3.Bb5+ Nd7 4.d4 Nf6 5.Nc3 a6 6.Bxd7+ Nxd7 7.dxc5 Nxc5 8.Be3 Nd7
9.Qd2 e6 10.Bf4 Qc7 11.O-O-O b5 12.Bxd6 Bxd6 13.Qxd6 Qxd6 14.Rxd6 Bb7 15.Ng5 h6
16.Nxf7 Rf8 17.Ne5 Nxe5 18.Rxe6+ Kd7 19.Rxe5 Rxf2 20.Rd1+ Kc6 21.Re6+ Kc5
22.a3 Rxg2 23.b4+ Kc4 24.Re7 Rc8 25.Red7  1-0

[Event "Budapest FS08 ELO"]
[Site "Budapest"]
[Date "1998.08.01"]
[Round "1"]
[White "Pal, Gyorgy"]
[Black "Jasz, Peter"]
[Result "0-1"]
[WhiteElo "2060"]
[BlackElo "2025"]

1.e4 c5 2.Nf3 d6 3.Bb5+ Bd7 4.Bxd7+ Nxd7 5.O-O Ngf6 6.Re1 g6 7.c3 Bg7 8.d4 Qc7
9.h3 e5 10.dxe5 dxe5 11.Qc2 c4 12.Be3 O-O 13.Nbd2 Rac8 14.Rad1 b5 15.Nf1 Nc5
16.Bxc5 Qxc5 17.Ne3 Rfd8 18.g4 a5 19.Re2 Rxd1+ 20.Nxd1 Rd8 21.Kg2 Rd3 22.Ne1 Rd7
23.Ne3 Qc6 24.f3 Bh6 25.Kf1 Qc5 26.N3g2 Ne8 27.h4 f6 28.h5 gxh5 29.gxh5 Ng7
30.Nh4 Kh8 31.Rg2 Qe3 32.Nf5 Bg5 33.Nxg7 Kxg7 34.Qe2 Qc5 35.a3 Kh6 36.Qf2 Qd6
37.Qe2 Qc6 38.Qc2 Rd6 39.Rh2 Qd7 40.Re2 Qh3+ 41.Kg1 Bf4 42.b3 Rd7 43.bxc4 bxc4
44.Qa4 Be3+ 45.Rxe3 Rg7+ 46.Kf2 Qh2+  0-1

[Event "Budapest FS08 GM"]
[Site "Budapest"]
[Date "1998.08.04"]
[Round "4"]
[White "Barczay, Laszlo"]
[Black "Gonzalez Garcia, Jose"]
[Result "1/2-1/2"]
[WhiteElo "2405"]
[BlackElo "2420"]

1.e4 c5 2.Nf3 d6 3.Bb5+ Bd7 4.Bxd7+ Qxd7 5.O-O Nc6 6.Re1 Nf6 7.h3 e6 8.c4 Ne5
9.d3 Be7 10.b3 O-O 11.Bb2 Nxf3+ 12.Qxf3 b5 13.Nd2 a6 14.d4  1/2-1/2

[Event "BCF-ch"]
[Site "Torquay"]
[Date "1998.08.06"]
[Round "10"]
[White "Dyce, Andrew"]
[Black "Pert, Richard G"]
[Result "1/2-1/2"]
[WhiteElo "2230"]
[BlackElo "2235"]

1.e4 c5 2.Nf3 d6 3.Bb5+ Nd7 4.d4 Nf6 5.e5 Qa5+ 6.Nc3 Ne4 7.Bd2 Nxc3 8.Bxd7+ Bxd7
9.Bxc3 Qa6 10.Ng5 cxd4 11.Qxd4 dxe5 12.Qd5 e6 13.Qf3 f6 14.O-O-O Bc6 15.Qg4 Bd5
16.Nxh7 O-O-O 17.Nxf8 Rhxf8  1/2-1/2

[Event "North Bay op"]
[Site "North Bay"]
[Date "1998.08.07"]
[Round "5"]
[White "Oratovsky, Michael"]
[Black "Yermolinsky, Alex"]
[Result "0-1"]
[WhiteElo "2465"]
[BlackElo "2625"]

1.e4 c5 2.Nf3 d6 3.Bb5+ Bd7 4.Bxd7+ Qxd7 5.c4 Nf6 6.Nc3 Nc6 7.O-O g6 8.d4 cxd4
9.Nxd4 Bg7 10.Nde2 O-O 11.f3 Rfd8 12.Bg5 h6 13.Be3 e6 14.Qd2 Kh7 15.Rfd1 Qe7
16.Bf2 Rd7 17.Rac1 Rad8 18.Bh4 Kg8 19.f4 b6 20.h3 Rb7 21.Qe1 Rbb8 22.Kh1 a6
23.Rd2 Rbc8 24.Rcd1 Qc7 25.b3 Ne7 26.Rxd6 Rxd6 27.Rxd6 Qxd6 28.e5 Qd8 29.Bxf6 Bxf6
30.exf6 Nf5 31.g4 Nd4 32.Ne4 Nxe2 33.Qxe2 Qd4  0-1

[Event "North Bay op"]
[Site "North Bay"]
[Date "1998.08.08"]
[Round "7"]
[White "Burnett, Ronald"]
[Black "Tyomkin, Dimitri"]
[Result "1/2-1/2"]
[WhiteElo "2395"]
[BlackElo "2465"]

1.e4 c5 2.Nf3 d6 3.Bb5+ Bd7 4.Bxd7+ Qxd7 5.c4 Nc6 6.Nc3 Nf6 7.O-O g6 8.d4 cxd4
9.Nxd4 Bg7 10.Nde2 O-O 11.f3 Rfc8 12.Be3 Qd8 13.Rc1 a6 14.Nf4 Nd7 15.Nd3 Na5
16.b3 b5 17.Nf2 Rab8 18.Nd5 bxc4 19.Bg5 Nf6 20.Bxf6 Bxf6 21.b4 Nc6 22.Rxc4 Bg7
23.Qa4 Nd4 24.Qxa6 Rxc4 25.Qxc4 e6 26.Nf4 Rc8 27.Qa6 Ra8 28.Qc4 Qg5 29.N2h3 Qb5
30.Qxb5 Nxb5 31.Rc1 Nc3 32.Rc2 Rxa2 33.Rxa2 Nxa2 34.Nd3 Bc3 35.Kf2 Bxb4 36.Ke3 Ba5
37.Kd4 Nc3 38.Kc4 Kg7 39.Nhf2 d5+ 40.exd5 Nxd5 41.g4 Bc7 42.h3 Bb6 43.Ne4 h6
44.Kb5 Bg1 45.Kc4 Ne7 46.Kc3 Be3 47.Kc4 Nc6 48.Kc3 Kf8 49.Nd6 Ke7 50.Nc4 Bg1
51.Kd2 Nd4 52.f4 g5 53.fxg5 hxg5 54.Ke1 f6 55.Kf1 Bh2 56.Nd2 Bc7 57.Kg2 Ne2
58.Kf3 Nc3 59.Ne1 Bf4 60.Ne4 Nb5 61.Kg2 f5 62.gxf5 exf5 63.Nc5 Bd6 64.Ncd3 Kf6
65.Nf3 Nc7 66.Kf1 Nb5 67.Kg2 Be7 68.Nf2 Ke6 69.h4 g4 70.Nh2 Bxh4 71.Nhxg4 Nd4
72.Nh2 Ke5 73.Nd1 Kf4 74.Nc3 Ke3 75.Nf1+ Kd3  1/2-1/2

[Event "North Bay op"]
[Site "North Bay"]
[Date "1998.08.08"]
[Round "7"]
[White "Curdo, John"]
[Black "Djerkovic, Miladin"]
[Result "1-0"]
[WhiteElo "2295"]
[BlackElo "2265"]

1.e4 c5 2.Nf3 d6 3.Bb5+ Nd7 4.c3 Nf6 5.Qe2 e6 6.d4 cxd4 7.cxd4 d5 8.e5 Ne4
9.O-O Be7 10.Bd3 f5 11.exf6 Ndxf6 12.Ne5 O-O 13.Nc3 Nd6 14.g4 Nd7 15.f4 Ne8
16.Be3 Nxe5 17.fxe5 Bd7 18.Rxf8+ Bxf8 19.Rf1 Nc7 20.Qf3 Qe8 21.Qh3 g6 22.Bg5 b5
23.Nd1 b4 24.Bh6 Be7 25.g5 Bb5 26.Bxb5 Qxb5 27.Qf3 Qe8 28.Ne3 Nb5 29.Ng4 Kh8
30.Qf7 Qxf7 31.Rxf7 Re8 32.Bg7+ Kg8 33.Nh6+  1-0

[Event "North Bay op"]
[Site "North Bay"]
[Date "1998.08.08"]
[Round "7"]
[White "Friedman, Josef"]
[Black "Huber, Gregory"]
[Result "1/2-1/2"]
[WhiteElo "2195"]
[BlackElo "2265"]

1.e4 c5 2.Nf3 d6 3.Bb5+ Nd7 4.d4 cxd4 5.Qxd4 e6 6.O-O Nf6 7.Bg5 Be7 8.Nc3 O-O
9.Rfe1 Qc7 10.Rad1 Rd8 11.Qd2 Ne5 12.Nxe5 dxe5 13.Qe2 a6 14.Rxd8+ Qxd8 15.Bd3 Bd7
16.Nd1 Qa5 17.a3 Qb6 18.Be3 Bc5 19.f3 Rc8 20.Bxc5 Qxc5+ 21.Qe3 Qa5 22.Nf2 Bb5
23.Rd1 h6 24.Qe2 Bxd3 25.Nxd3 Nd7 26.Qf2 f6 27.Ne1 Qc7  1/2-1/2

[Event "Hampstead GM3"]
[Site "Hampstead"]
[Date "1998.08.11"]
[Round "2"]
[White "McDonald, Neil R"]
[Black "Szekely, Peter"]
[Result "1/2-1/2"]
[WhiteElo "2490"]
[BlackElo "2465"]

1.e4 c5 2.Nf3 d6 3.Bb5+ Bd7 4.Bxd7+ Qxd7 5.O-O Nc6 6.d4 cxd4 7.Nxd4 Nf6 8.Nc3 g6
9.Bg5 Bg7 10.Nf3 h6 11.Bf4 Rd8 12.Re1 O-O 13.h3 Rfe8 14.Qd2 Kh7 15.Rad1 Qc8
16.Qc1 Nd7 17.Nd5  1/2-1/2

[Event "Hampstead GM3"]
[Site "Hampstead"]
[Date "1998.08.12"]
[Round "3"]
[White "Hillarp Persson, Tiger"]
[Black "Gormally, Daniel"]
[Result "1-0"]
[WhiteElo "2410"]
[BlackElo "2400"]

1.e4 c5 2.Nf3 d6 3.Bb5+ Nc6 4.O-O Bg4 5.c3 Nf6 6.d4 cxd4 7.cxd4 a6 8.Bxc6+ bxc6
9.Nc3 e6 10.h3 Bh5 11.Qa4 Qd7 12.Nd2 Bg6 13.Re1 d5 14.e5 Ng8 15.Nb3 Ne7 16.Nc5 Qc8
17.g4 h5 18.f3 Ng8 19.Qa5 Be7 20.Kg2 Bd8 21.Qa3 Ne7 22.Bg5 O-O 23.Ne2 Bh7
24.Qe3 Ng6 25.Bxd8 Qxd8 26.Ng3 Nh4+ 27.Kf2 Bg6 28.f4 Qe7 29.Kg1 Rab8 30.b3 Rb4
31.Rf1 hxg4 32.hxg4 Be4 33.Ngxe4 dxe4 34.Nxe4 Rd8 35.Rad1 Rd5 36.Nd6 Qa7
37.Nc4 c5 38.Qh3 Qe7 39.Rd2 Rxd4 40.Rh2 g5 41.fxg5 Ng6 42.Qh7+  1-0

[Event "Wch (Women) U26"]
[Site "Rotterdam"]
[Date "1998.08.12"]
[Round "2"]
[White "Qin Kanying"]
[Black "Bednarska, Malgorzata"]
[Result "1/2-1/2"]
[WhiteElo "2380"]
[BlackElo "2175"]

1.e4 c5 2.Nf3 d6 3.Bb5+ Bd7 4.Bxd7+ Qxd7 5.c4 e5 6.Nc3 Ne7 7.d3 g6 8.a3 Nbc6
9.Rb1 Bg7 10.b4 O-O 11.O-O f5 12.Nd5 h6 13.Be3 b6 14.Qa4 Rad8 15.Kh1 Kh7
16.Rfc1 Rf7 17.Ng1 f4 18.Bd2 g5 19.f3 Ng8 20.Be1 Nf6 21.bxc5 dxc5 22.Qd1 Bf8
23.a4 Nb4 24.a5 bxa5 25.Ra1 Rb8 26.Rxa5 Rb7 27.Rca1 Bd6 28.R5a3 Nh5 29.Bf2 Ng7
30.Ne2 Ne6 31.Nec3 Nd4 32.Ra4 Nbc6 33.Ra6 Nb4 34.Nxb4 cxb4 35.Bxd4 exd4 36.Nb5 Bc5
37.e5 Re7 38.Qe2 Qf5 39.Re1 b3 40.e6 Qg6 41.Rc6 Bb6 42.Rb1 a6 43.Na3 Ba5
44.Rxa6 Bc3 45.Nb5 b2 46.Rd6 Rb8 47.h3 Ra8 48.Nxd4 Ra1 49.Qc2 Qf6 50.Ne2 Bb4
51.Rd7 Qxe6 52.Rxe7+ Bxe7 53.Nc3 Bb4 54.d4+ Kg7 55.Ne4 Ba3 56.d5 Qe5 57.d6 Rxb1+
58.Qxb1 Qd4 59.Qc2 Qe3 60.Kh2 Qc1 61.Qa4 b1=Q 62.Qd7+ Kh8 63.Qe8+ Kg7 64.Qe7+ Kh8
65.Qe8+ Kg7  1/2-1/2

[Event "Nagler mem"]
[Site "Zuerich"]
[Date "1998.08.14"]
[Round "8"]
[White "Smyslov, Vassily"]
[Black "Forster, Richard"]
[Result "1/2-1/2"]
[WhiteElo "2500"]
[BlackElo "2475"]

1.e4 c5 2.Nf3 d6 3.Bb5+ Nd7 4.Bxd7+ Bxd7 5.c4 Nf6 6.Nc3 g6 7.O-O Bg7 8.Rb1 a6
9.b4 b6 10.bxc5 bxc5 11.d3 O-O  1/2-1/2

[Event "Nagler mem"]
[Site "Zuerich"]
[Date "1998.08.14"]
[Round "8"]
[White "Larsen, Bent"]
[Black "Pelletier, Yannick"]
[Result "1/2-1/2"]
[WhiteElo "2495"]
[BlackElo "2525"]

1.e4 c5 2.Nf3 d6 3.Bb5+ Bd7 4.Bxd7+ Nxd7 5.O-O Ngf6 6.Re1 e6 7.c3 Be7 8.d4 O-O
9.Bg5 Rc8 10.Qb3 Nb6 11.dxc5 Rxc5 12.Nbd2 Ng4 13.Bxe7 Qxe7 14.h3 Ne5 15.Nxe5 Rxe5
16.a4 Qc7 17.a5 Nd7 18.Qa3 d5 19.exd5 Rxd5 20.Ne4 Nc5 21.Nxc5 Rxc5 22.Red1 h5
23.Qa4 Rd8 24.Rxd8+ Qxd8 25.Rd1 Rd5 26.Rxd5 exd5 27.Qb5 g6 28.Qc5 b6 29.axb6 axb6
30.Qd4 Qd6 31.Kf1 Qe6 32.h4 Qc6 33.Ke1 Qb5 34.b4 Qc6 35.Kd2 Kf8 36.f3 Kg8
37.Qf4 Qa8 38.Ke3 Qe8+ 39.Kf2 Qb5 40.Qb8+ Kg7 41.Qe5+ Kg8 42.Qd4 Qc6 43.Ke3  1/2-1/2

[Event "Hampstead Rated3"]
[Site "Hampstead"]
[Date "1998.08.16"]
[Round "2"]
[White "Salem, Ihab"]
[Black "Leal, Paulo"]
[Result "1-0"]
[WhiteElo "2185"]
[BlackElo "2135"]

1.e4 c5 2.Nf3 d6 3.Bb5+ Bd7 4.Bxd7+ Qxd7 5.O-O Nc6 6.c3 Nf6 7.Qe2 e6 8.d3 Be7
9.Nbd2 O-O 10.Rd1 Qc7 11.Nf1 Rac8 12.Ng3 d5 13.e5 Nd7 14.Re1 Rfe8 15.Bf4 Nf8
16.Nh5 Ng6 17.Bg3 Qd8 18.Nf4 Nxf4 19.Bxf4 b5 20.Nd2 Bg5 21.Qg4 Bxf4 22.Qxf4 Ne7
23.Nf3 Nf5 24.Rac1 c4 25.d4 a5 26.Ng5 Rc7 27.h4 h6 28.Nf3 h5 29.Ng5 Rb7 30.Kh2 g6
31.Kh3 Qe7 32.f3 Reb8 33.g4 Ng7 34.Rg1 b4 35.Rc2 bxc3 36.bxc3 Rb2 37.Rcg2 Rxg2
38.Rxg2 Rb1 39.Kh2 a4 40.gxh5 Nxh5 41.Qg4 a3 42.Nxe6 Qxe6 43.Qxh5 Rb2 44.Qg5 Qb6
45.h5 Rxg2+ 46.Kxg2 Qb2+ 47.Kg3 Qb1 48.hxg6 fxg6 49.Qd8+ Kg7 50.Qe7+ Kh6
51.Qf8+ Kh7 52.Qxa3 Qe1+ 53.Kg4 Qg1+ 54.Kf4 Qh2+ 55.Kg5 Qh5+ 56.Kf6 Qf5+
57.Ke7 Kg7 58.Kd8 Qxf3 59.e6 Qf4 60.Qa7+ Kg8 61.Qc7 Qf8+ 62.Kd7 Qf5 63.Qe5 Qb1
64.e7 Qb5+ 65.Kd8 Qb6+ 66.Qc7 Qf6 67.a4 g5 68.a5 g4 69.Qe5 Qh4 70.Kc8  1-0